[Event "I Torneo Puntay B"]
[Site "Caldaro - Kaltern ITA"]
[Date "2016.10.22"]
[Round "3"]
[White "Napetschnig, Martin"]
[Black "Perino, Alberto"]
[WhiteElo "1826"]
[BlackElo "1803"]
[Result "0-1"]
[PlyCount "74"]
[EventDate "2016.10.21"]

1. d4 Nf6 2. c4 e6 3. g3 d5 4. Bg2 Bd6 5. Nc3 c6 6. cxd5 exd5 7. Nf3 O-O 8. O-O
Bg4 9. Bg5 h6 10. Bf4 Bxf4 11. gxf4 Bf5 12. Ne5 Re8 13. e3 Nbd7 14. b4 a6 15.
Na4 Ne4 16. Nc5 Nxe5 17. fxe5 Qg5 18. f4 Qg6 19. Kh1 a5 20. Qe1 b6 21. Nxe4
Bxe4 22. Rf2 Ra7 23. bxa5 Rxa5 24. Bxe4 Qxe4+ 25. Kg1 Rea8 26. Qe2 Ra3 27. Rf3
Rxa2 28. Rxa2 Rxa2 29. Qxa2 Qxf3 30. Qa8+ Kh7 31. Qxc6 Qxe3+ 32. Kg2 Qxd4 33.
Qc2+ Qe4+ 34. Qxe4+ dxe4 35. f5 b5 36. Kf2 b4 37. e6 fxe6 0-1

[Event "I Torneo Puntay B"]
[Site "Caldaro - Kaltern ITA"]
[Date "2016.10.22"]
[Round "3"]
[White "Romaniello, Domenico"]
[Black "Gasparro, Antonio"]
[WhiteElo "1552"]
[BlackElo "1726"]
[Result "1/2-1/2"]
[PlyCount "28"]
[EventDate "2016.10.21"]

1. Nf3 Nf6 2. d4 d5 3. Nbd2 e6 4. g3 b6 5. Bg2 Nbd7 6. O-O Bb7 7. Re1 c5 8. c3
Be7 9. e3 O-O 10. Qe2 Qc7 11. Qd3 Ne4 12. Nf1 c4 13. Qd1 Rac8 14. N1d2 f5
1/2-1/2

[Event "I Torneo Puntay B"]
[Site "Caldaro - Kaltern ITA"]
[Date "2016.10.22"]
[Round "3"]
[White "Saxl, Alexander"]
[Black "Demetz, Ernst"]
[WhiteElo "1565"]
[BlackElo "1272"]
[Result "1/2-1/2"]
[PlyCount "61"]
[EventDate "2016.10.21"]

1. e4 c5 2. Nf3 d6 3. d4 cxd4 4. Nxd4 e5 5. Bb5+ Bd7 6. Bxd7+ Qxd7 7. Nf5 Nf6
8. f3 Nc6 9. O-O O-O-O 10. c4 g6 11. Ne3 Nd4 12. Nd5 Nxd5 13. cxd5 Qb5 14. Nc3
Qc4 15. Be3 Bg7 16. Rc1 Kb8 17. b3 Qa6 18. a4 Rc8 19. Bxd4 exd4 20. Nb5 Rxc1
21. Qxc1 Rc8 22. Qd2 Qb6 23. Kh1 a6 24. Na3 Qxb3 25. Nb1 Qxa4 26. Qf4 Be5 27.
Qxf7 Qb5 28. Nd2 Qe2 29. Rb1 Rc7 30. Qe8+ Ka7 31. Qd8 1/2-1/2

[Event "I Torneo Puntay B"]
[Site "Caldaro - Kaltern ITA"]
[Date "2016.10.22"]
[Round "3"]
[White "Scarabello, Graziano"]
[Black "Hofer, Alois"]
[WhiteElo "1630"]
[BlackElo "1773"]
[Result "0-1"]
[PlyCount "68"]
[EventDate "2016.10.21"]

1. c4 c5 2. g3 Nc6 3. Bg2 g6 4. Nc3 a6 5. e3 Bg7 6. Nge2 e6 7. O-O Nge7 8. Ne4
d6 9. Rb1 O-O 10. d4 cxd4 11. exd4 d5 12. cxd5 Nxd5 13. a3 Nce7 14. b4 Bd7 15.
Bb2 Bc6 16. Ba1 Nf5 17. a4 Qe8 18. b5 axb5 19. axb5 Bxb5 20. Re1 Bc6 21. Nc5
Nd6 22. Nd3 Ne7 23. f3 Ndf5 24. Qc1 Rc8 25. Nc5 Nd5 26. Nf4 Nxf4 27. Qxf4 Rd8
28. Nxb7 Bxd4+ 29. Bxd4 Rxd4 30. Qc1 Qe7 31. Nc5 Rc8 32. Re5 Bd5 33. Rb5 Rc4
34. Qa3 R4xc5 0-1

[Event "I Torneo Puntay B"]
[Site "Caldaro - Kaltern ITA"]
[Date "2016.10.22"]
[Round "3"]
[White "Sinner, Armin"]
[Black "Pfeifhofer, Helmut"]
[WhiteElo "1711"]
[BlackElo "1631"]
[Result "1/2-1/2"]
[PlyCount "48"]
[EventDate "2016.10.21"]

1. e4 e6 2. d4 d5 3. Nd2 Nf6 4. e5 Nfd7 5. Bd3 c5 6. c3 Nc6 7. Ne2 Qb6 8. Nf3
cxd4 9. cxd4 Bb4+ 10. Bd2 Bxd2+ 11. Qxd2 Qb4 12. a3 Qxd2+ 13. Nxd2 b6 14. Rc1
Bb7 15. O-O O-O 16. b4 Rac8 17. Rc2 f6 18. f4 Ne7 19. Rfc1 Rxc2 20. Rxc2 Rc8
21. Rxc8+ Nxc8 22. Bb5 Nb8 23. Nc3 Kf7 24. Kf2 a6 1/2-1/2

[Event "I Torneo Puntay B"]
[Site "Caldaro - Kaltern ITA"]
[Date "2016.10.22"]
[Round "3"]
[White "Sparber, Werner"]
[Black "Dallaglio, Giovanni"]
[WhiteElo "1777"]
[BlackElo "1844"]
[Result "1/2-1/2"]
[PlyCount "115"]
[EventDate "2016.10.21"]

1. d4 d5 2. c4 dxc4 3. Nc3 Nf6 4. e3 e6 5. Bxc4 a6 6. Nf3 b5 7. Bd3 c5 8. O-O
Bb7 9. a3 Nc6 10. dxc5 Bxc5 11. b4 Be7 12. Bb2 O-O 13. Qe2 Qb6 14. Rfd1 h6 15.
Rac1 Rfd8 16. h3 Rd7 17. Ne4 Nxe4 18. Bxe4 Rxd1+ 19. Rxd1 Rd8 20. Bb1 Rxd1+ 21.
Qxd1 Qd8 22. Qxd8+ Bxd8 23. Be4 Na5 24. Bxb7 Nxb7 25. Kf1 Nd6 26. Nd2 Bb6 27.
Be5 Nb7 28. Ne4 f6 29. Bd4 Bc7 30. Nc5 Nxc5 31. bxc5 e5 32. Bc3 Kf7 33. e4 Ke6
34. Ke2 Kd7 35. Kf3 g6 36. Bd2 h5 37. g4 hxg4+ 38. Kxg4 Ke6 39. h4 Bd8 40. h5
f5+ 41. exf5+ gxf5+ 42. Kf3 Kd5 43. h6 Kxc5 44. Bb4+ Kc4 45. Bf8 Bg5 46. Bg7
Bxh6 47. Bxh6 a5 48. Bg7 Kb3 49. Bxe5 Kxa3 50. Kf4 b4 51. Kxf5 b3 52. f4 b2 53.
Bxb2+ Kxb2 54. Ke6 a4 55. f5 a3 56. f6 a2 57. f7 a1=Q 58. f8=Q 1/2-1/2

[Event "I Torneo Puntay B"]
[Site "Caldaro - Kaltern ITA"]
[Date "2016.10.22"]
[Round "3"]
[White "Unterkofler, Alex"]
[Black "Moser, Gabriele"]
[WhiteElo "1770"]
[BlackElo "1744"]
[Result "1/2-1/2"]
[PlyCount "52"]
[EventDate "2016.10.21"]

1. e4 c6 2. d4 d5 3. Nc3 dxe4 4. Nxe4 Bf5 5. Ng3 Bg6 6. h4 h6 7. h5 Bh7 8. Nf3
Nd7 9. Bd3 Bxd3 10. Qxd3 Ngf6 11. Bd2 e6 12. O-O-O Bd6 13. Ne4 Nxe4 14. Qxe4
Nf6 15. Qh4 Nd5 16. c4 Qxh4 17. Rxh4 Nf6 18. Bc3 O-O-O 19. Ne5 Bxe5 20. dxe5
Rxd1+ 21. Kxd1 Nd7 22. Rg4 Rg8 23. g3 Kd8 24. Ke2 Ke7 25. Ke3 c5 26. b3 b6
1/2-1/2

[Event "I Torneo Puntay B"]
[Site "Caldaro - Kaltern ITA"]
[Date "2016.10.23"]
[Round "4"]
[White "Demetz, Ernst"]
[Black "Casadio, Niccolo`"]
[WhiteElo "1272"]
[BlackElo "1531"]
[Result "0-1"]
[PlyCount "120"]
[EventDate "2016.10.21"]

1. e4 g6 2. d4 Bg7 3. Nf3 d6 4. Bc4 Nf6 5. Nc3 Bg4 6. Be3 Nc6 7. Be2 Bxf3 8.
Bxf3 e5 9. d5 Ne7 10. Qd3 Qd7 11. h3 O-O 12. a4 Ne8 13. Nb5 a6 14. Nc3 f5 15.
Bg5 Nf6 16. Bxf6 Rxf6 17. O-O Raf8 18. a5 c6 19. dxc6 Nxc6 20. Nd5 R6f7 21. c3
Re8 22. b4 Ne7 23. Nb6 Qc7 24. c4 Nc6 25. Nd5 Qd8 26. b5 axb5 27. cxb5 Nxa5 28.
Qe2 Nb3 29. Ra7 Nd4 30. Qd3 Nxf3+ 31. Qxf3 Qh4 32. Ra4 fxe4 33. Qxe4 Qxe4 34.
Rxe4 Rc8 35. b6 Rc5 36. Rd1 Rc2 37. Ne3 Rc6 38. Rb4 Bf8 39. Rb3 Bh6 40. Ng4 Bg7
41. Rdd3 Rd7 42. Rd1 d5 43. Rbd3 h5 44. Ne3 d4 45. Nf1 e4 46. R1d2 exd3 47.
Rxd3 Rxb6 48. Nd2 Rc6 49. g4 Rc3 50. Rf3 Rxf3 51. Nxf3 Bh6 52. g5 d3 53. gxh6
d2 54. h7+ Kh8 55. Nxd2 Rxd2 56. Kf1 b5 57. Ke1 Rd7 58. f4 b4 59. h4 b3 60. Ke2
b2 0-1

[Event "I Torneo Puntay B"]
[Site "Caldaro - Kaltern ITA"]
[Date "2016.10.23"]
[Round "4"]
[White "Florian, Andreas"]
[Black "Haller, Quentin"]
[WhiteElo "1384"]
[BlackElo "1594"]
[Result "0-1"]
[PlyCount "88"]
[EventDate "2016.10.21"]

1. e4 Nc6 2. Nf3 d5 3. Nc3 d4 4. Nd5 Nf6 5. Nxf6+ gxf6 6. Bc4 Bg4 7. h3 Bh5 8.
Ne5 Nxe5 9. Qxh5 Qd6 10. Bb3 e6 11. d3 Qb6 12. f4 Bb4+ 13. Bd2 Bxd2+ 14. Kxd2
Qa5+ 15. Ke2 Nc4 16. Qxa5 Nxa5 17. g4 Ke7 18. c3 c5 19. Rac1 Rac8 20. c4 Nxb3
21. axb3 Rc6 22. Rc2 Rb6 23. Ra1 a6 24. Ra3 Rc8 25. Kd2 h5 26. g5 fxg5 27. fxg5
Rg8 28. h4 f6 29. Rc1 fxg5 30. Rg1 g4 31. Kc2 Rf8 32. Rg2 e5 33. Ra1 Rbf6 34.
Rag1 Rf3 35. Rh1 Rf2+ 36. Rxf2 Rxf2+ 37. Kc1 g3 38. Rh3 g2 39. Rg3 Rf1+ 40. Kc2
g1=Q 41. Rxg1 Rxg1 42. Kd2 Rg4 43. Ke2 Rxh4 44. Kf2 Rh3 0-1

[Event "I Torneo Puntay B"]
[Site "Caldaro - Kaltern ITA"]
[Date "2016.10.23"]
[Round "4"]
[White "Gasparro, Antonio"]
[Black "Pfeifhofer, Helmut"]
[WhiteElo "1726"]
[BlackElo "1631"]
[Result "1/2-1/2"]
[PlyCount "81"]
[EventDate "2016.10.21"]

1. Nf3 Nf6 2. c4 g6 3. g3 Bg7 4. Bg2 c6 5. Nc3 O-O 6. e3 d6 7. d4 Bf5 8. O-O
Qc8 9. Re1 Ne4 10. Nd2 Bg4 11. f3 Nxc3 12. bxc3 Bh3 13. Bh1 h5 14. Ne4 f6 15.
Nf2 Be6 16. Qd3 Bf7 17. e4 Nd7 18. Bg2 Nb6 19. d5 cxd5 20. cxd5 Qc4 21. Qxc4
Nxc4 22. Bf1 Rac8 23. Bxc4 Rxc4 24. Bd2 f5 25. Rec1 fxe4 26. fxe4 Rfc8 27. Rab1
b6 28. Rb3 e6 29. dxe6 Bxe6 30. Ra3 a5 31. Bf4 R8c6 32. Be3 d5 33. exd5 Bxd5
34. Rb3 Ra4 35. Rxb6 Rxb6 36. Bxb6 Rxa2 37. c4 Bb2 38. Rb1 Bxc4 39. Bxa5 Bd4
40. Be1 Re2 41. Rc1 1/2-1/2

[Event "I Torneo Puntay B"]
[Site "Caldaro - Kaltern ITA"]
[Date "2016.10.23"]
[Round "4"]
[White "Hofer, Alois"]
[Black "Napetschnig, Martin"]
[WhiteElo "1773"]
[BlackElo "1826"]
[Result "1-0"]
[PlyCount "157"]
[EventDate "2016.10.21"]

1. c4 e5 2. Nc3 Nf6 3. g3 Nc6 4. Bg2 Bb4 5. e3 d6 6. Nge2 Bg4 7. h3 Bh5 8. O-O
O-O 9. d3 Rb8 10. Qa4 Qd7 11. a3 Bc5 12. b4 Bxe2 13. Nxe2 Nd4 14. Qd1 Nxe2+ 15.
Qxe2 Bb6 16. Kh2 c5 17. g4 h6 18. e4 cxb4 19. axb4 Bd4 20. Bb2 Bxb2 21. Qxb2 b5
22. Qa3 Rfc8 23. Rfc1 Rc7 24. cxb5 Rxc1 25. Rxc1 Qxb5 26. Bf1 Qb6 27. Kg2 Nh7
28. Ra1 Qxb4 29. Qxb4 Rxb4 30. Rxa7 Ng5 31. Ra8+ Kh7 32. Rd8 Rd4 33. Rd7 Kg6
34. h4 Ne6 35. Kf3 Nf4 36. Ke3 Kf6 37. g5+ Ke6 38. gxh6 gxh6 39. Rd8 Kf6 40.
Rg8 Ng6 41. h5 Nf4 42. Be2 Ne6 43. Rg1 Rb4 44. Bg4 Nf4 45. Bf3 Rb3 46. Be2 Rb2
47. Bf3 Nh3 48. Rf1 Kg5 49. Be2 Nf4 50. Rg1+ Kf6 51. Bf3 Ne6 52. Bg4 Nd4 53. f4
Rh2 54. fxe5+ dxe5 55. Rg3 Nc2+ 56. Kf3 Ne1+ 57. Ke3 Ng2+ 58. Kf3 Nf4 59. Ke3
Nxh5 60. Bxh5 Rxh5 61. d4 exd4+ 62. Kxd4 Rg5 63. Rf3+ Ke6 64. Rh3 h5 65. Rh4 f6
66. Rh1 Ra5 67. Ke3 Kf7 68. Kf4 Rg5 69. Rh4 Ke6 70. Rh1 Kf7 71. Rh2 Kg6 72. Rh4
Rg1 73. Rh2 Rf1+ 74. Kg3 Kg5 75. Re2 h4+ 76. Kg2 Rf4 77. e5 f5 78. e6 h3+ 79.
Kh2 1-0

[Event "I Torneo Puntay B"]
[Site "Caldaro - Kaltern ITA"]
[Date "2016.10.23"]
[Round "4"]
[White "Lantschner, Alexander"]
[Black "Dejori, David"]
[WhiteElo "1533"]
[BlackElo "1669"]
[Result "0-1"]
[PlyCount "48"]
[EventDate "2016.10.21"]

1. e4 d5 2. exd5 Qxd5 3. d4 Nf6 4. Nc3 Qa5 5. Bd2 c6 6. Nf3 Bf5 7. Ne4 Qc7 8.
Nxf6+ exf6 9. c3 Bd6 10. Be3 O-O 11. h3 Bf4 12. Bd3 Bxd3 13. Qxd3 Bxe3 14. fxe3
Qg3+ 15. Kf1 Re8 16. h4 Nd7 17. Rh3 Qd6 18. h5 Nc5 19. Qf5 Ne4 20. Qf4 Qd5 21.
g4 Qb5+ 22. Kg1 Qxb2 23. Rf1 Nxc3 24. e4 Ne2+ 0-1

[Event "I Torneo Puntay B"]
[Site "Caldaro - Kaltern ITA"]
[Date "2016.10.23"]
[Round "4"]
[White "Licandro, Michele"]
[Black "Scarabello, Graziano"]
[WhiteElo "1557"]
[BlackElo "1630"]
[Result "1/2-1/2"]
[PlyCount "85"]
[EventDate "2016.10.21"]

1. d4 Nf6 2. Bf4 b6 3. e3 Bb7 4. Nf3 d6 5. Nbd2 g6 6. h3 Bg7 7. Be2 Nbd7 8. O-O
c5 9. c3 O-O 10. Qc2 Rc8 11. Rad1 cxd4 12. exd4 a6 13. a4 Re8 14. Bd3 Nd5 15.
Bh2 Nb4 16. Qb1 Nxd3 17. Qxd3 e5 18. dxe5 dxe5 19. Ne4 Bxe4 20. Qxe4 Qe7 21.
Rd2 Nc5 22. Qc2 Qb7 23. Rfd1 e4 24. Nd4 e3 25. fxe3 Rxe3 26. Nf3 b5 27. axb5
axb5 28. Rd8+ Re8 29. Rxc8 Qxc8 30. Rd5 Rd8 31. Qd2 Bf6 32. Rxd8+ Bxd8 33. Nd4
Qa8 34. Qe1 Bb6 35. Bg3 Ne4 36. Kh2 Bxd4 37. cxd4 Qd5 38. Qb4 h5 39. Qe7 Nxg3
40. Kxg3 Qxd4 41. Qe8+ Kg7 42. Qxb5 h4+ 43. Kf3 1/2-1/2

[Event "I Torneo Puntay B"]
[Site "Caldaro - Kaltern ITA"]
[Date "2016.10.23"]
[Round "4"]
[White "Maier, Felix"]
[Black "Kofler, Albin"]
[WhiteElo "1415"]
[BlackElo "1576"]
[Result "1/2-1/2"]
[PlyCount "32"]
[EventDate "2016.10.21"]

1. e4 b6 2. d4 Bb7 3. Nc3 e6 4. Nf3 Nf6 5. Bd3 Bb4 6. e5 Ne4 7. Bd2 Nxd2 8.
Qxd2 c5 9. dxc5 Bxc5 10. Qe2 a5 11. Be4 Bxe4 12. Nxe4 Qe7 13. Rd1 Na6 14. Nd4
O-O 15. Nxc5 Qxc5 16. a3 d5 1/2-1/2

[Event "I Torneo Puntay B"]
[Site "Caldaro - Kaltern ITA"]
[Date "2016.10.23"]
[Round "4"]
[White "Moser, Gabriele"]
[Black "Sparber, Werner"]
[WhiteElo "1744"]
[BlackElo "1777"]
[Result "1/2-1/2"]
[PlyCount "83"]
[EventDate "2016.10.21"]

1. e4 e5 2. Nf3 Nc6 3. Bc4 Be7 4. O-O Nf6 5. Re1 O-O 6. Nc3 d6 7. h3 a6 8. d4
exd4 9. Nxd4 Ne5 10. Bb3 c5 11. Nf3 c4 12. Nxe5 cxb3 13. Nc4 bxc2 14. Qxc2 Be6
15. Ne3 Rc8 16. Qd3 Qa5 17. Rd1 Qh5 18. Ned5 Bd8 19. Bf4 Ne8 20. Qg3 f5 21.
Bxd6 Nxd6 22. Qxd6 Qf7 23. exf5 Qxf5 24. Rd2 Bh4 25. Ne7+ Bxe7 26. Qxe7 Rf7 27.
Qh4 Rcf8 28. Re1 Rf6 29. g4 Qf4 30. Rde2 Bd7 31. Nd5 Rh6 32. Nxf4 Rxh4 33. Re7
Bxg4 34. Ng6 hxg6 35. hxg4 Rxg4+ 36. Kf1 Rb4 37. b3 g5 38. Rc7 Rbf4 39. Rxb7
Rxf2+ 40. Kg1 Rxa2 41. Ree7 Rd8 42. Rxg7+ 1/2-1/2

[Event "I Torneo Puntay B"]
[Site "Caldaro - Kaltern ITA"]
[Date "2016.10.23"]
[Round "4"]
[White "Perathoner, Christine"]
[Black "Girardelli, Daniel"]
[WhiteElo "1434"]
[BlackElo "1474"]
[Result "1/2-1/2"]
[PlyCount "41"]
[EventDate "2016.10.21"]

1. e4 e5 2. Nf3 d6 3. g3 f5 4. exf5 Bxf5 5. d3 Nf6 6. Nc3 Be7 7. Bg2 c6 8. O-O
O-O 9. Re1 Qb6 10. Qe2 Nbd7 11. b3 Rae8 12. Nh4 Bg4 13. Nf3 Nc5 14. Be3 Nd5 15.
Na4 Qd8 16. Nxc5 dxc5 17. c4 Nc7 18. Rad1 Ne6 19. a3 Nd4 20. Bxd4 exd4 21. Qe4
1/2-1/2

[Event "I Torneo Puntay B"]
[Site "Caldaro - Kaltern ITA"]
[Date "2016.10.23"]
[Round "4"]
[White "Perino, Alberto"]
[Black "Dallaglio, Giovanni"]
[WhiteElo "1803"]
[BlackElo "1844"]
[Result "1-0"]
[PlyCount "95"]
[EventDate "2016.10.21"]

1. e4 e6 2. d4 d5 3. exd5 exd5 4. Nc3 Nf6 5. Bg5 Be7 6. Qd2 Bf5 7. O-O-O O-O 8.
f3 h6 9. Be3 c6 10. g4 Bg6 11. h4 h5 12. g5 Ne8 13. Nh3 Nd6 14. f4 Nf5 15. Bd3
b5 16. Ne2 Nd7 17. Bf2 Nb6 18. Ng3 Nc4 19. Qe2 Nxg3 20. Bxg3 Bd6 21. Bxg6 fxg6
22. Qe6+ Kh7 23. Qe2 Qa5 24. Kb1 Rae8 25. Qf1 Ba3 26. Be1 b4 27. b3 Bb2 28.
bxc4 Rxe1 29. Qxe1 Bc3 30. Qe3 Rb8 31. cxd5 cxd5 32. Nf2 Rb6 33. Rd3 Ra6 34.
Rxc3 bxc3 35. Kc1 Qa3+ 36. Kd1 Qb2 37. Nd3 Qb1+ 38. Nc1 Rxa2 39. Qxc3 Ra1 40.
Qd2 Qb5 41. f5 gxf5 42. g6+ Kg8 43. Re1 Ra6 44. Qg5 Qd7 45. Qxh5 Re6 46. Qh7+
Kf8 47. Qh8+ Ke7 48. Qxg7+ 1-0

[Event "I Torneo Puntay B"]
[Site "Caldaro - Kaltern ITA"]
[Date "2016.10.23"]
[Round "4"]
[White "Schroffenegger, Simon"]
[Black "Unterkofler, Alex"]
[WhiteElo "1639"]
[BlackElo "1770"]
[Result "0-1"]
[PlyCount "114"]
[EventDate "2016.10.21"]

1. e4 c5 2. Bc4 e6 3. Nc3 a6 4. a4 Nc6 5. f4 d6 6. Nf3 Nf6 7. e5 dxe5 8. fxe5
Ng4 9. Qe2 Qc7 10. d3 Ngxe5 11. Bf4 Bd6 12. Nxe5 Bxe5 13. Bxe5 Qxe5 14. O-O
Qxe2 15. Nxe2 O-O 16. c3 b6 17. Rad1 Ne5 18. Bb3 Ng4 19. Rf3 Bb7 20. Rg3 Nh6
21. Rf1 Nf5 22. Rh3 Rad8 23. Nf4 Rd6 24. Re1 Re8 25. Rh5 g6 26. Rg5 h6 27. Rg4
Kh7 28. Bxe6 fxe6 29. Rxg6 e5 30. Rxd6 Nxd6 31. Nh5 Kg6 32. g4 Nf7 33. Rf1 Re6
34. h4 Bc6 35. Re1 Bd7 36. d4 cxd4 37. cxd4 Re8 38. Re4 exd4 39. Rxe8 Bxe8 40.
Nf4+ Kh7 41. Nd5 Bxa4 42. Nxb6 Bb5 43. Kf2 Ne5 44. Kg3 Nc4 45. Nxc4 Bxc4 46.
Kf4 d3 47. Ke3 Kg6 48. Kd2 Bb5 49. Kc3 Kf6 50. Kd2 Ke5 51. Kc3 Kf4 52. g5 hxg5
53. hxg5 Kxg5 54. Kd2 Kf4 55. b3 Ke4 56. Ke1 Ke3 57. Kd1 d2 0-1

[Event "I Torneo Puntay B"]
[Site "Caldaro - Kaltern ITA"]
[Date "2016.10.23"]
[Round "4"]
[White "Sinner, Armin"]
[Black "Lantschner, Carmen"]
[WhiteElo "1711"]
[BlackElo "1739"]
[Result "1-0"]
[PlyCount "83"]
[EventDate "2016.10.21"]

1. e4 d6 2. d4 g6 3. f4 Nf6 4. Nc3 Bg7 5. Nf3 c5 6. Bb5+ Bd7 7. Bxd7+ Nbxd7 8.
d5 O-O 9. O-O Ne8 10. Qe2 f5 11. Ng5 Nc7 12. Nb5 Nxb5 13. Qxb5 Qc8 14. Ne6 Rf7
15. Qe2 Bh8 16. Ng5 Rf8 17. Ne6 Rf6 18. Bd2 h6 19. Bc3 Rf7 20. Bxh8 Kxh8 21.
Rf3 Nf8 22. Nxf8 Qxf8 23. e5 Rc8 24. c4 dxe5 25. Qxe5+ Qg7 26. Qxg7+ Kxg7 27.
Re1 Kf8 28. Re6 Kg7 29. Rg3 Rf6 30. Rxe7+ Kf8 31. Rxb7 a6 32. Re3 g5 33. fxg5
hxg5 34. Ree7 g4 35. Rh7 Kg8 36. Rhe7 Kf8 37. Kf2 f4 38. Rh7 Rg6 39. Rh8+ Rg8
40. Rxg8+ Kxg8 41. Rb6 Ra8 42. Rg6+ 1-0

[Event "I Torneo Puntay B"]
[Site "Caldaro - Kaltern ITA"]
[Date "2016.10.23"]
[Round "5"]
[White "Dallaglio, Giovanni"]
[Black "Gasparro, Antonio"]
[WhiteElo "1844"]
[BlackElo "1726"]
[Result "1-0"]
[PlyCount "105"]
[EventDate "2016.10.21"]

1. d4 Nf6 2. Nf3 g6 3. c4 d5 4. cxd5 Bg7 5. Nc3 Nxd5 6. e4 Nxc3 7. bxc3 O-O 8.
h3 c5 9. Be2 Nc6 10. Be3 Qa5 11. O-O Qxc3 12. Rc1 Qa3 13. d5 Ne5 14. Nxe5 Bxe5
15. Bxc5 Qa5 16. Bxe7 Re8 17. d6 Bd7 18. h4 Bg7 19. h5 Bf8 20. hxg6 hxg6 21.
Rc7 Rxe7 22. dxe7 Qxc7 23. exf8=Q+ Rxf8 24. Qd2 Rc8 25. Rd1 Be6 26. Qh6 Qc2 27.
Bf3 Qxa2 28. g3 Qb3 29. Kg2 Qb2 30. Rd6 Qg7 31. Qh4 Qh8 32. Qg5 Qh3+ 33. Kg1
Kg7 34. Bg2 Qh6 35. Qe5+ Kf8 36. f4 Qg7 37. Qa5 Qf6 38. e5 Qe7 39. Qxa7 Qc7 40.
Qxb7 Qxb7 41. Bxb7 Rc1+ 42. Kf2 Rc2+ 43. Ke3 Bf5 44. Be4 Bxe4 45. Kxe4 Ke7 46.
g4 Rg2 47. Kf3 Ra2 48. f5 gxf5 49. gxf5 Ra5 50. Ke4 Ra4+ 51. Rd4 Ra5 52. f6+
Ke8 53. Rb4 1-0

[Event "I Torneo Puntay B"]
[Site "Caldaro - Kaltern ITA"]
[Date "2016.10.23"]
[Round "5"]
[White "Dejori, David"]
[Black "Moser, Gabriele"]
[WhiteElo "1669"]
[BlackElo "1744"]
[Result "0-1"]
[PlyCount "74"]
[EventDate "2016.10.21"]

1. e4 c6 2. d4 d5 3. exd5 cxd5 4. Bd3 Nf6 5. c3 Nc6 6. Bf4 Bg4 7. Ne2 e6 8. O-O
Bd6 9. f3 Bh5 10. Qe1 Bg6 11. Bxg6 hxg6 12. Nd2 Nh5 13. Bxd6 Qxd6 14. f4 O-O-O
15. Qf2 Nf6 16. Qg3 Ne7 17. Nf3 Nf5 18. Qe1 Ne3 19. Ne5 Qe7 20. Ng3 Nxf1 21.
Qxf1 Nd7 22. Nd3 Qh4 23. Qf3 Qxh2+ 24. Kf2 Qh4 25. Rh1 Qf6 26. Rc1 g5 27. Ne2
gxf4 28. c4 Kb8 29. cxd5 e5 30. Rc4 exd4 31. Rxd4 g5 32. Rb4 Ne5 33. Nxe5 Qxe5
34. Nc3 f5 35. a4 Rh1 36. Ne2 Qxd5 37. Qc3 Rh2 0-1

[Event "I Torneo Puntay B"]
[Site "Caldaro - Kaltern ITA"]
[Date "2016.10.23"]
[Round "5"]
[White "Florian, Andreas"]
[Black "Perathoner, Christine"]
[WhiteElo "1384"]
[BlackElo "1434"]
[Result "1-0"]
[PlyCount "79"]
[EventDate "2016.10.21"]

1. e4 e5 2. Nf3 Nc6 3. Bb5 Nd4 4. Nxd4 exd4 5. c3 a6 6. Ba4 b5 7. Bb3 Bb7 8.
Qf3 Nf6 9. d3 d5 10. Nd2 Qe7 11. cxd4 dxe4 12. dxe4 Bxe4 13. Nxe4 Nxe4 14. O-O
Nf6 15. Qxa8+ Kd7 16. Qxa6 c6 17. Qb7+ Kd6 18. Qxe7+ Bxe7 19. Bg5 Rf8 20. Bxf6
Bxf6 21. Rad1 Kc7 22. d5 cxd5 23. Rxd5 Kc6 24. Rc1+ Kb6 25. Rd7 Re8 26. g3 Bxb2
27. Rcc7 Rb8 28. Bd5 Ka5 29. Rxf7 h6 30. Rf4 Be5 31. Ra7+ Kb6 32. Rff7 Rd8 33.
Rfd7 Rc8 34. f4 Rc1+ 35. Kg2 Bb2 36. Rdb7+ Kc5 37. Rc7+ Kb6 38. Rxc1 Bxc1 39.
Rxg7 Kc5 40. Rc7+ 1-0

[Event "I Torneo Puntay B"]
[Site "Caldaro - Kaltern ITA"]
[Date "2016.10.23"]
[Round "5"]
[White "Girardelli, Daniel"]
[Black "Licandro, Michele"]
[WhiteElo "1474"]
[BlackElo "1557"]
[Result "1/2-1/2"]
[PlyCount "51"]
[EventDate "2016.10.21"]

1. d4 d5 2. c4 c6 3. e3 Nf6 4. Nc3 e6 5. Nf3 Be7 6. Bd3 Nbd7 7. c5 b6 8. b4 Bb7
9. a4 O-O 10. O-O Qc7 11. h3 e5 12. Be2 e4 13. Nh2 h6 14. f4 exf3 15. Bxf3 Nh7
16. e4 Ng5 17. exd5 Nxf3+ 18. Qxf3 Bf6 19. Be3 Rae8 20. Ng4 Qc8 21. Nxf6+ Nxf6
22. Bxh6 gxh6 23. Qxf6 Kh7 24. Rae1 cxd5 25. Rxe8 Qxe8 26. Qf5+ 1/2-1/2

[Event "I Torneo Puntay B"]
[Site "Caldaro - Kaltern ITA"]
[Date "2016.10.23"]
[Round "5"]
[White "Haller, Quentin"]
[Black "Casadio, Niccolo`"]
[WhiteElo "1594"]
[BlackElo "1531"]
[Result "0-1"]
[PlyCount "106"]
[EventDate "2016.10.21"]

1. d4 g6 2. e4 Bg7 3. Nf3 d6 4. Nc3 Nf6 5. Bf4 Bg4 6. Bc4 Nc6 7. d5 Bxf3 8.
Qxf3 Nd4 9. Qd3 c5 10. dxc6 Nxc6 11. Ne2 Qb6 12. Bb3 O-O 13. O-O Rfe8 14. Be3
Qc7 15. Nd4 Ne5 16. Nb5 Qa5 17. Bd2 Qa6 18. Qe2 Nxe4 19. Qxe4 Qxb5 20. Bc3 e6
21. f4 Nc6 22. Ba4 Qc5+ 23. Kh1 Bxc3 24. bxc3 Qxc3 25. Rab1 d5 26. Qe2 b6 27.
Rf3 Qc5 28. Bxc6 Qxc6 29. Rbb3 Rac8 30. Rf2 Qd6 31. Rg3 Red8 32. h4 Rc4 33. Qf3
Rdc8 34. Qb3 Rxf4 35. Rxf4 Qxf4 36. Rh3 Qc1+ 37. Kh2 Qxc2 38. Qa3 Qc5 39. Qxa7
Qc7+ 40. Qxc7 Rxc7 41. Rb3 Rc6 42. a4 Kf8 43. Rb5 Rc4 44. Kh3 Rxa4 45. Rxb6 Ra7
46. Rb4 Ke7 47. Kg4 h6 48. h5 g5 49. Kf3 Ra3+ 50. Kf2 Rc3 51. Rb7+ Kf6 52. Ke2
Rc4 53. Ke3 Rh4 0-1

[Event "I Torneo Puntay B"]
[Site "Caldaro - Kaltern ITA"]
[Date "2016.10.23"]
[Round "5"]
[White "Hofer, Alois"]
[Black "Perino, Alberto"]
[WhiteElo "1773"]
[BlackElo "1803"]
[Result "1/2-1/2"]
[PlyCount "61"]
[EventDate "2016.10.21"]

1. c4 c5 2. Nc3 Nc6 3. g3 g6 4. Bg2 Bg7 5. e3 Nh6 6. Nge2 Nf5 7. a3 h5 8. h4
O-O 9. Rb1 Rb8 10. b4 Ne5 11. d3 d6 12. e4 Nh6 13. O-O Bg4 14. f3 Bd7 15. Be3
b6 16. Qd2 Kh7 17. Nf4 f5 18. Nh3 fxe4 19. Nxe4 Qc8 20. Nhg5+ Kg8 21. b5 Nf5
22. Rbe1 Nxe3 23. Qxe3 Nxc4 24. Qe2 Bd4+ 25. Kh2 Ne3 26. a4 Nxf1+ 27. Bxf1 a6
28. bxa6 Ra8 29. Qa2+ c4 30. dxc4 Bc5 31. Qd2 1/2-1/2

[Event "I Torneo Puntay B"]
[Site "Caldaro - Kaltern ITA"]
[Date "2016.10.23"]
[Round "5"]
[White "Kofler, Albin"]
[Black "Balzan, Barbara"]
[WhiteElo "1576"]
[BlackElo "1411"]
[Result "1-0"]
[PlyCount "69"]
[EventDate "2016.10.21"]

1. e4 e6 2. d4 d5 3. Nc3 Nf6 4. Bd3 c5 5. Bb5+ Nc6 6. Bg5 Be7 7. dxc5 O-O 8.
Bxc6 bxc6 9. e5 Nd7 10. Bxe7 Qxe7 11. Nf3 Ba6 12. b4 Rab8 13. a3 f6 14. Qd4
Nxe5 15. Nxe5 fxe5 16. Qxe5 Qf6 17. Qxf6 Rxf6 18. f3 e5 19. O-O-O Re8 20. Rhe1
e4 21. fxe4 Rfe6 22. Rd4 h6 23. a4 Rg6 24. g3 Rg4 25. b5 Bb7 26. Kd2 Kh7 27.
Re3 Re6 28. h3 Rgg6 29. Ne2 a5 30. Nf4 Bc8 31. Nxe6 Rxe6 32. exd5 Rf6 33. d6
Bxh3 34. d7 Rf2+ 35. Kc3 1-0

[Event "I Torneo Puntay B"]
[Site "Caldaro - Kaltern ITA"]
[Date "2016.10.23"]
[Round "5"]
[White "Lantschner, Carmen"]
[Black "Maier, Felix"]
[WhiteElo "1739"]
[BlackElo "1415"]
[Result "1-0"]
[PlyCount "31"]
[EventDate "2016.10.21"]

1. e4 e5 2. Nf3 Nc6 3. d4 exd4 4. Nxd4 Bc5 5. Be3 Nxd4 6. Bxd4 Bxd4 7. Qxd4 Qf6
8. Qb4 d6 9. Nc3 Ne7 10. Nb5 O-O 11. Nxc7 Rb8 12. Bc4 Qd4 13. O-O Nc6 14. Nb5
Qxe4 15. Bxf7+ Rxf7 16. Qxe4 1-0

[Event "I Torneo Puntay B"]
[Site "Caldaro - Kaltern ITA"]
[Date "2016.10.23"]
[Round "5"]
[White "Napetschnig, Martin"]
[Black "Romaniello, Domenico"]
[WhiteElo "1826"]
[BlackElo "1552"]
[Result "1-0"]
[PlyCount "63"]
[EventDate "2016.10.21"]

1. d4 d5 2. c4 c6 3. Nf3 Nf6 4. Nc3 Bf5 5. Qb3 Qb6 6. Qxb6 axb6 7. cxd5 Nxd5 8.
Nxd5 cxd5 9. e3 f6 10. Bb5+ Kf7 11. O-O e6 12. Bd2 Bd6 13. Rfc1 Na6 14. a4 e5
15. dxe5 fxe5 16. Bc3 Nc5 17. Rd1 Ke6 18. Ng5+ Kf6 19. f4 Rhd8 20. Rxd5 Ne4 21.
Nxe4+ Bxe4 22. fxe5+ Ke6 23. Rxd6+ Rxd6 24. exd6 Kxd6 25. Rd1+ Ke6 26. Bd4 Bc2
27. Rc1 Bxa4 28. Bxa4 Rxa4 29. Rc7 g5 30. Rxb7 Kd5 31. Rxb6 h5 32. Rb5+ 1-0